History Quiz

Random History or Biography Quiz

Famous Historical 'J' First Names Quiz Stats

 Plays Quiz Updated Feb 3, 2016

Challenge
Share
Tweet
Embed
Score 0/30 Timer 05:00
7 Plays Today
% Correct
Jane
93.7%
Jacqueline
93.2%
Janis
93%
John
91.8%
Jesse
90.2%
Jules
89.3%
Jiang
87.8%
Julio
87.2%
Jack
86.3%
Jackson
85.4%
Jawaharlal
84.3%
Jacques
83.1%
Jonathan
81.7%
Jethro
80.3%
Johann
77.7%
% Correct
Janet
77.3%
Jean-Paul
75.4%
José
73.6%
Johannes
65.8%
Joanne
61%
Joseph
57%
Jürgen
56.1%
Jeremy
46.4%
Jay
41.3%
Jacob
39.6%
Josiah
35.5%
Julia
32.3%
Joan
32.2%
Julius
26.9%
Jean
22.8%

You're not logged in!

Compare scores with friends on all Sporcle quizzes.
Join for Free
OR
Log In

You Might Also Like...

Show Comments

Extras

Top Quizzes Today


Score Distribution

Your Account Isn't Verified!

In order to create a playlist on Sporcle, you need to verify the email address you used during registration. Go to your Sporcle Settings to finish the process.

Report this User

Report this user for behavior that violates our Community Guidelines.

Details: